Culture générale divers - Statistiques

Statistiques générales
  • Ce quiz a été pris 35 fois
  • Le résultat moyen est 5 sur 20
Statistiques - réponses
Hint Réponse % Correct
Que signifie OMS organisation mondiale de la santé
94%
Expression issue de la mythologie désignant une faiblesse chez quelqu'un Talon d'Achille
55%
Loi stricte appliquée dans les pays islamiques Charia
48%
De quel origine était l'ancien premier ministre britannique Rishi Sunak ? Indien
45%
De quelle région est originaire le peintre Salvador Dali Catalogne
42%
Capitale parlementaire de l'Europe Strasbourg
42%
De quoi est accusée l'auteur JK rowling Transphobie
39%
Joueur de foot reconverti en président d'un Etat George Weah
23%
Quel artiste a survécu à 9 coups de pistolet ? 50 cent
19%
Comment s'appelle l'île tout au nord du Japon hokkaido
19%
Que signifie l'expression de la madeleine de Proust Souvenir d'enfance
10%
Premiers bipèdes hominidés , ancêtres de l'Homme Australopithèques
6%
Légende NBA possédant le plus de Titres Bill Russell
3%
Le seul joueur à avoir gagner trois ldc avec trois clubs différents Clarence Seedorf
3%
Quel est l'auteur de la théorie des avantages comparatifs en économie David Ricardo
3%
Le pseudo du père de Lamine Yamal Hustle hard 304
3%
Ville du sommet mondial excluant une inflation >2%/an dans l'union européenne Maastricht
3%
Animal souvent assimilé à la maladresse Manchot
3%
Salle de concert américaine emblématique où les afro-américains performaient du jazz en étants interdits d'être spectateurs Cotton club
0%
Chef d'Etat du salvador Nayib Bukele
0%
Aucun quiz correspondant
Distribution des résultats
% des personnes avec chaque résultat
Percentile par nombre de réponses
Votre historique - résultats
Vous n’avez pas pris ce quiz